Score 0/44 Timer 08:00
4 Plays Today
Clue President % Correct
The 44th president was...Barack Obama
99.8%
Who was in Washington on the day of the assassination of...Abraham Lincoln
87.3%
Who was born in Hawaii which became a U.S. state during the Presidency of...Dwight D. Eisenhower
86.4%
Who lost the popular vote but won the Electoral College, like the 2000 election of...George W. Bush
76.5%
Whose image was placed on the U.S. penny in 1909 because of the efforts of...Theodore Roosevelt
74.6%
Who was the son of a former President, as was...John Quincy Adams
74.5%
Who went to West Point, as did...Ulysses S. Grant
74%
Who was a member of Phi Beta Kappa as was 335 pound...William Howard Taft
71%
Who was the Mayor of Buffalo, the city that saw the assassination of...William McKinley
66.4%
Who was the first President to live in the White House, which was burned in 1814 during the Presidency of...James Madison
66.3%
Who was the only President to be impeached until...Bill Clinton
63.5%
Who was appointed as the first Governor of the Northwest Territory in 1800 by...John Adams
63%
Who was the grandson of...William Henry Harrison
60.2%
Who, in 1890 was appointed U.S. Solicitor General by...Benjamin Harrison
58.7%
Who purchased Louisiana in an agreement negotiated by...James Monroe
54.9%
Who was Governor of Tennessee, as was...Andrew Johnson
52.9%
Who was a Freemason, as was our first President...George Washington
52.6%
Who fought as a boxer at Harvard, as did...John F. Kennedy
52.2%
Whose race was the first to see a faithless elector vote off-ticket since the 1976 election of...Jimmy Carter
51.4%
Whose father was the College of William and Mary roommate of...Thomas Jefferson
51.3%
Who was issued the very first Medicare card by...Lyndon B. Johnson
50.8%
Who was President during the admission of Missouri, the birthplace of...Harry S. Truman
50.6%
Clue President % Correct
Who didn't talk much, but did play the harmonica, as did the famous actor...Ronald Reagan
48.9%
Who was the first graduate student ever at Princeton, which later had a President named...Woodrow Wilson
47.8%
Who was the only President ever to have been divorced until the election of...Donald Trump
46.7%
Who appointed as new director of the C.I.A...George H.W. Bush
46.6%
Who had previously been appointed ambassador to the United Nations by...Richard Nixon
45.1%
Who served during the Civil War in the 23rd Ohio Infantry under the leadership of Major...Rutherford B. Hayes
45%
Who, as 'Old Rough and Ready' was dispatched to lead his troops into Texas in 1845 by...James K. Polk
39.7%
Whose wife had a baby, Patrick, who lived only two days, the only child born to a sitting President other than Esther, born to...Grover Cleveland
36.3%
Who was married while in office, following the lead of this father of 15 children...John Tyler
33.5%
Who was a member of the Disciples of Christ church, founders of Hiram College, whose college president was...James A. Garfield
32.7%
Who was treated, after being shot, by Dr. Willard Bliss who also treated...Zachary Taylor
32.2%
Who graduated from Yale Law School as did...Gerald Ford
31.1%
Who served as Governor of New York as did Theodore Roosevelt and...Franklin D. Roosevelt
31.1%
Who was from Georgia, as was John Archibold Campbell, appointed to the Supreme Court in 1853 by...Franklin Pierce
31%
Who died while in California, a state admitted to the Union in 1850 during the Presidency of...Millard Fillmore
30.7%
Who was born in Vermont as was...Calvin Coolidge
30.6%
Whose party replaced him on the succeeding ticket with...James Buchanan
29.7%
Who did not have a Vice President, nor did former Port of New York Collector... Chester A. Arthur
21.3%
Whose first Secretary of State and second Vice President was...Martin Van Buren
21%
Who belonged to the Independent Order of Odd Fellows (New York chapter), whose Marion, OH chapter included...Warren G. Harding
20.6%
Who was a Quaker, as was...Herbert Hoover
20.6%
Who was orphaned as a child as was...Andrew Jackson
19.6%

You're not logged in!

Compare scores with friends on all Sporcle quizzes.
OR
Log In

Sporcle TV

Today on Sporcle TV


Watch our educational content, quiz creation guides, and fun videos on Sporcle TV.

Show Comments

Extras

Top Quizzes Today


Score Distribution

Paid Content

Your Account Isn't Verified!

In order to create a playlist on Sporcle, you need to verify the email address you used during registration. Go to your Sporcle Settings to finish the process.

Report this User

Report this user for behavior that violates our Community Guidelines.

Details: